Lyrics U2 - With or without you - Statistics

General Stats
  • This quiz has been taken 270 times
  • The average score is 129 of 158
Answer Stats
Answer % Correct
I
99%
With
98%
with
98%
without
98%
you
98%
You
98%
or
97%
a
94%
your
92%
and
91%
And
91%
can't
91%
live
91%
the
91%
for
85%
See
85%
in
84%
wait
83%
eyes
81%
give
80%
away
78%
me
77%
I'll
76%
yourself
76%
win
74%
of
73%
twist
73%
but
69%
hand
69%
On
69%
more
68%
she
68%
She
68%
to
67%
want
67%
all
66%
it
66%
side
66%
set
64%
bed
60%
I'm
60%
lose
60%
makes
59%
nails
59%
Nothing
59%
nothing
59%
we
57%
fate
56%
left
56%
My
56%
thorn
56%
shore
54%
stone
54%
reach
51%
storm
49%
waiting
49%
got
48%
are
47%
Through
45%
body
44%
hands
42%
tied
36%
Sleight
33%
bruised
29%
No matching quizzes found
Score Distribution
Percent of People with Each Score
Percentile by Number Answered
Your Score History
You have not taken this quiz